Sports US: Les Franchises de New York - Statistiques

Statistiques générales
  • Ce quiz a été pris 70 fois
  • Le résultat moyen est 7 sur 10
Statistiques - réponses
Réponse % Correct
Brooklyn Nets
92%
New York Knicks
88%
New York Yankees
88%
New York Giants
67%
New York Red Bulls
67%
New York Jets
65%
New York Mets
62%
New York City FC
55%
New York Rangers
55%
New York Islanders
44%
Aucun quiz correspondant
Distribution des résultats
% des personnes avec chaque résultat
Percentile par nombre de réponses
Votre historique - résultats
Vous n’avez pas pris ce quiz